عرض عادي
عرض مارك
- Otto, Sarah P.,
مدخل إسم شخص
001 - رقم الضبط
- حقل الضبط: 10465
003 - معرف رقم الضبط
- حقل الضبط: OSt
005 - تاريخ ووقت أخر عملية
- حقل الضبط: 20120410071016.0
008 - عناصر بيانات ثابتة الطول
- حقل تحكم ثابت الطول: 120410|||a|||||| | ||| d
040 ## - مصدر الفهرسة
- هيئة الفهرسة الأصلية: OSt
- وكالة الكتابة: OSt
100 ## - مدخل -- أسم شخص
- إسم شخص: Otto, Sarah P.,
- تواريخ مرتبطة بالاسم: 1967-
670 ## - بيانات المصدر موجوده
- الاستشهاد بالمصدر: Work cat.: (OSt)0: Otto, Sarah P., 1967-, A biologist's guide to mathematical modeling in ecology and evolution /, c2007.
